La economía de la complejidad (Registro nro. 4361)

Detalles MARC
000 -LEADER
fixed length control field 01049 a2200217 4500
001 - CONTROL NUMBER
control field 47430
005 - DATE AND TIME OF LATEST TRANSACTION
control field 20260407155741.0
008 - FIXED-LENGTH DATA ELEMENTS--GENERAL INFORMATION
fixed length control field 260407a1994 arg spa d
003 - CONTROL NUMBER IDENTIFIER
control field AR-UNSa-BCEJYS
040 ## - CATALOGING SOURCE
Original cataloging agency AR-UNSa-BCEJYS
Language of cataloging spa
Transcribing agency AR-UNSa-BCEJYS
080 ## - UNIVERSAL DECIMAL CLASSIFICATION NUMBER
Universal Decimal Classification number 330
Common auxiliary subdivision Economía en general
020 ## - INTERNATIONAL STANDARD BOOK NUMBER
International Standard Book Number 84-481-1802-2
100 1# - MAIN ENTRY--PERSONAL NAME
Personal name Fernández Díaz, Andrés
245 10 - TITLE STATEMENT
Title La economía de la complejidad
Name of part/section of a work Economía dinámica caótica
264 #1 - PRODUCTION, PUBLICATION, DISTRIBUTION, MANUFACTURE, AND COPYRIGHT NOTICE
Place of production, publication, distribution, manufacture Madrid :
Name of producer, publisher, distributor, manufacturer McGraw-Hill
Date of production, publication, distribution, manufacture, or copyright notice 1994
300 ## - PHYSICAL DESCRIPTION
Extent 170 p.
Dimensions 24 cm.
505 ## - FORMATTED CONTENTS NOTE
Formatted contents note 1. El estado actual de la Ciencia Económica - 2. La evolución de la física y el principio de indeterminación de Heisenberg - 3. Sistemas dinámicos - 4. Teoría del control óptimo - 5. Teoría de catástrofes - 6. Matemáticas del caos - 7. La economía de la complejidad - 8. Economía dinámica caótica (I) - 9. Economía dinámica caótica (II) -
590 ## - LOCAL NOTE (RLIN)
Local note niveau_biblio:m niveau_hierar:0
856 41 - ELECTRONIC LOCATION AND ACCESS
Uniform Resource Identifier <a href="https://www.biblioeco.unsa.edu.ar/pmb/images/libros/L127504.jpg">https://www.biblioeco.unsa.edu.ar/pmb/images/libros/L127504.jpg</a>
Link text Imagen de portada
Electronic format type image/jpeg
942 ## - ADDED ENTRY ELEMENTS (KOHA)
Koha item type
Existencias
Withdrawn status Lost status Damaged status Not for loan Home library Current library Shelving location Date acquired Total checkouts Full call number Barcode Date last seen Price effective from Koha item type
        Biblioteca Prof. Eusebio Cleto del Rey Biblioteca Prof. Eusebio Cleto del Rey   07/04/2026   330 F362 L127504 07/04/2026 07/04/2026 Libro